000 00635cam a2200217u 4500
999 _c18846
_d18846
001 8479419
003 OSt
005 20200609153348.0
008 830505s1963 ii 000 0 eng
010 _asa 67004247
040 _coclc
043 _aa-cc---
082 _a370.196
_bHEV/S
100 _aHevi, Emmanuel John
_92710
245 1 2 _aA student in Peking /
_cEmmanuel John Hevi
260 _aNew Delhi,
_bYoung Asia Publications
_c[1963]
300 _a208 p.
650 0 _aCommunism
_zChina.
906 _a0
_bcbc
_cpremunv
_du
_encip
_f19
_gy-gencatlg
942 _2ddc
_cBK
_h370.196
_iHEV/S
_k370.196
_mHEV/S